[Event "Wiesbaden op 31st"]
[Site "Wiesbaden"]
[Date "2019.08.25"]
[Round "7"]
[White "Tischendorf, Michael"]
[Black "Geltz, Noah"]
[Result "1/2-1/2"]
[WhiteElo "2165"]
[BlackElo "2033"]
[PlyCount "37"]
[EventDate "2019.08.22"]
[EventType "swiss"]
[EventRounds "7"]
[EventCountry "GER"]
[SourceTitle "EXT 2020"]
[Source "ChessBase"]
[SourceDate "2019.10.17"]
[SourceVersion "1"]
[SourceVersionDate "2019.10.17"]
[SourceQuality "1"]

1. d4 Nf6 2. Nc3 d5 3. Bf4 c6 4. e3 Bf5 5. f3 e6 6. g4 Bg6 7. h4 h6 8. Bd3 Bxd3 9. Qxd3 Bd6 10. Nge2 Bxf4 11. Nxf4 Nbd7 12. 0-0-0 e5 13. dxe5 Nxe5 14. Qe2 Qc7 15. e4 0-0-0 16. exd5 Nexg4 17. Ne6 fxe6 18. Qxe6+ Qd7 19. Qxd7+ 1/2-1/2

[Event "Wiesbaden op 31st"]
[Site "Wiesbaden"]
[Date "2019.08.24"]
[Round "4"]
[White "Geltz, Noah"]
[Black "Merges, Harald"]
[Result "1/2-1/2"]
[WhiteElo "2033"]
[BlackElo "1797"]
[PlyCount "50"]
[EventDate "2019.08.22"]
[EventType "swiss"]
[EventRounds "7"]
[EventCountry "GER"]
[SourceTitle "EXT 2020"]
[Source "ChessBase"]
[SourceDate "2019.10.17"]
[SourceVersion "1"]
[SourceVersionDate "2019.10.17"]
[SourceQuality "1"]

1. Nf3 Nf6 2. c4 e6 3. e3 b6 4. Be2 Bb7 5. 0-0 Be7 6. b3 0-0 7. Bb2 d5 8. d4 Nbd7 9. cxd5 Nxd5 10. Nc3 N7f6 11. Rc1 Rc8 12. Bd3 Nxc3 13. Rxc3 Bb4 14. Rc1 Bd6 15. Re1 Be4 16. Bxe4 Nxe4 17. Qc2 Ng5 18. Ne5 f5 19. Qc4 Rf6 20. f4 Ne4 21. d5 Rh6 22. dxe6 Qe7 23. g4 Rxh2 24. Re2 Rxe2 25. Qxe2 Qxe6 1/2-1/2

[Event "Wiesbaden op 31st"]
[Site "Wiesbaden"]
[Date "2019.08.23"]
[Round "2"]
[White "Geltz, Noah"]
[Black "Neukirchner, Pascal"]
[Result "0-1"]
[WhiteElo "2033"]
[BlackElo "2328"]
[PlyCount "72"]
[EventDate "2019.08.22"]
[EventType "swiss"]
[EventRounds "7"]
[EventCountry "GER"]
[SourceTitle "EXT 2020"]
[Source "ChessBase"]
[SourceDate "2019.10.17"]
[SourceVersion "1"]
[SourceVersionDate "2019.10.17"]
[SourceQuality "1"]

1. c4 c5 2. Nc3 Nc6 3. g3 g6 4. Bg2 Bg7 5. e3 e5 6. Nge2 Nge7 7. 0-0 0-0 8. d3 d6 9. Rb1 Be6 10. a3 a5 11. b4 axb4 12. axb4 Nxb4 13. Bxb7 Rb8 14. Bg2 d5 15. cxd5 Nexd5 16. Na4 Qe7 17. d4 cxd4 18. exd4 Bf5 19. Rb2 Rfd8 20. Re1 Qa7 21. Bxd5 Rxd5 22. Nac3 Rdd8 23. d5 Nd3 24. Be3 Nxb2 25. Bxa7 Nxd1 26. Rxd1 Rb7 27. Be3 Bg4 28. Kg2 e4 29. Rc1 Rbd7 30. Nd4 Bxd4 31. Bxd4 Bf3+ 32. Kh3 f5 33. Ra1 Kf7 34. Ra6 Rd6 35. Ra7+ R8d7 36. Ra8 g5 0-1

[Event "GER-chT U20"]
[Site "Osnabrueck"]
[Date "2018.12.29"]
[Round "5.1"]
[White "Geltz, Noah"]
[Black "Reindl, Arno"]
[Result "1/2-1/2"]
[WhiteElo "1991"]
[BlackElo "2053"]
[PlyCount "40"]
[EventDate "2018.12.27"]
[EventType "team-swiss"]
[EventRounds "7"]
[EventCountry "GER"]
[SourceTitle "CBM 188 Extra"]
[Source "ChessBase"]
[SourceDate "2019.02.26"]
[SourceVersion "1"]
[SourceVersionDate "2019.02.26"]
[SourceQuality "1"]
[WhiteTeam "Biberach"]
[BlackTeam "Schwaebisch Gmuend"]
[WhiteTeamCountry "GER"]
[BlackTeamCountry "GER"]

1. c4 Nf6 2. g3 g6 3. Nf3 Bg7 4. Nc3 d5 5. cxd5 Nxd5 6. Nxd5 Qxd5 7. Bg2 0-0 8. 0-0 Nc6 9. d3 Qd8 10. Rb1 Be6 11. b3 Rb8 12. Bb2 Nd4 13. Nxd4 Bxd4 14. Bxd4 Qxd4 15. Rc1 c5 16. h4 h5 17. Qd2 b6 18. Rc2 Rfd8 19. Qg5 Rd7 20. Be4 Kg7 1/2-1/2